000
00201 a2200097 4500
001
47006
100
_a
Roskill C
245
_a
The Navy at War
260
_a
London
_b
Collins
_c
090
_c
30075
_d
30075
942
_a
NUST-CAE
_c
M
_c
22309
999
_c
282079
_d
282079